| 000 | 00875nam0a22002531 4500 | ||
|---|---|---|---|
| 001 | rc\2777623 | ||
| 005 | 20250806205125.0 | ||
| 035 | _a(NLR Aleph) 006903882 | ||
| 090 |
_a31676 _c31676 |
||
| 100 | _a20110915d1942 u y0rusy50 ca | ||
| 101 | 0 | _arus | |
| 102 | _aRU | ||
| 105 | _ay z ||||| | ||
| 200 | 1 |
_aПрофилактика и лечение туберкулеза у детей раннего возраста _fД-р А. И. Баландер _gНар. ком. здрав. СССР |
|
| 210 |
_aКазань _cМедгиз _d1942 |
||
| 215 |
_a16 с. _d22 см. |
||
| 700 | 1 |
_aБаландер _bА.И. _f1880-1940 _gАбрам Иосифович |
|
| 801 | 0 |
_aRU _bNLR _gpsbo |
|
| 801 | 1 |
_aRU _bELAR _2rusmarc |
|
| 852 |
_aNLR _jМд36 Г-6/40 |
||
| 942 | _cBOOK | ||
| 945 | _aРоссийская национальная библиотека | ||
| 980 | _aNB | ||
| 980 | _aBV | ||